00302 a2200109 4500001000700000020000600007040001100013100004600024240005900070245005400129362000900183169809 a  cMagnum aColegio Brasileiro de Ciencias do Esporte10aX congresso brasileiro de ciencias do esporte/v.2lpor10aX congresso brasileiro de ciencias do esporte/v.20 a1899